000 00208nam a2200097Ia 4500
008 240331s9999 xx 000 0 und d
082 _bGNA
100 _aGnanni
245 0 _aMaxsiyathikku allivillei
942 _cL
999 _c4600
_d4600